000 00567nam a22001817a 4500
003 BD-DhUL
005 20180523133913.0
008 180522s1971 ii |||| |||| 00| 0 ben d
040 _aBD-DhUL
_cBD-DhUL
082 _a891.443
_bSAS
100 1 _aশংকর
245 0 0 _aসীমাবদ্ধ /
_cশংকর
260 _aকলিকাতা :
_bমিত্র ও ঘোষ,
_c১৯৭১।
300 _a২০৬ পৃ. ;
_c২১ সেমি.।
650 4 _aবাংলা উপন্যাস
650 4 _aBengali fiction
942 _2ddc
_cBK
999 _c241529
_d241529